EUROVISION depuis 1956 - pays vainqueurs - Statistiques

Statistiques générales
  • Ce quiz a été pris 2 223 fois
    1 761 depuis la dernière actualisation
  • Le résultat moyen est 60 sur 66
Statistiques - réponses
année pays vainqueur % Correct
1969 Espagne, France, Pays-Bas,Royaume-Uni
100%
1977 France
99%
1962 France
99%
1960 France
99%
1958 France
99%
2021 Italie
97%
1990 Italie
97%
1964 Italie
97%
2015 Suède
97%
2012 Suède
97%
1999 Suède
97%
1991 Suède
97%
1984 Suède
97%
1974 Suède
97%
1968 Espagne
95%
2017 Portugal
95%
2010 Allemagne
94%
1982 Allemagne
94%
2009 Norvège
94%
1995 Norvège
94%
1985 Norvège
94%
2022 Ukraine
94%
2016 Ukraine
94%
2004 Ukraine
94%
2006 Finlande
93%
2019 Pays-Bas
93%
1975 Pays-Bas
93%
1959 Pays-Bas
93%
1957 Pays-Bas
93%
1997 Royaume-Uni
93%
1981 Royaume-Uni
93%
1976 Royaume-Uni
93%
1967 Royaume-Uni
93%
1988 Suisse
93%
1956 Suisse
93%
1996 Irlande
92%
1994 Irlande
92%
1993 Irlande
92%
1992 Irlande
92%
1987 Irlande
92%
1980 Irlande
92%
1970 Irlande
92%
2008 Russie
92%
2014 Autriche
88%
1966 Autriche
88%
1986 Belgique
88%
2013 Danemark
88%
2000 Danemark
88%
1963 Danemark
88%
1983 Luxembourg
88%
1973 Luxembourg
88%
1972 Luxembourg
88%
1965 Luxembourg
88%
1961 Luxembourg
88%
2005 Grèce
87%
2018 Israël
87%
1998 Israël
87%
1979 Israël
87%
1978 Israël
87%
2001 Estonie
81%
2002 Lettonie
80%
2007 Serbie
78%
2003 Turquie
74%
1971 Monaco
62%
2011 Azerbaïdjan
60%
1989 Yougoslavie
56%
Aucun quiz correspondant
Distribution des résultats
% des personnes avec chaque résultat
Percentile par nombre de réponses
Votre historique - résultats
Vous n’avez pas pris ce quiz depuis la dernière actualisation